000
00307nam a2200133Ia 4500
100
_a
Kirillin/ V. A. and others
942
_c
BK
654
_a
Thermodynamics
245
_a
Engineering thermodynamics
260
_b
Mir Publishers
_a
Moscow
_c
1976
082
_a
621.4021
300
_a
560
546
_a
ENGLISH
999
_c
29807
_d
29807